000 00618nam a2200229Ia 4500
003 OSt
005 20220928124345.0
006 a|||||r|||| 00| 0
007 ta
008 220927b |||||||| |||| 00| 0 eng d
024 _a75766
037 _cTextual
040 _aSDCL
_cSDCL
_beng
041 _2eng
_aeng
082 _aX.247'N2, M7
100 _aBamzai P N K
_9407814
245 0 _aSocio-economic history of Kashmir
_b 1846 -1925
260 _aNew Delhi
_bMetro politan B K
_c1987
300 _axvi ,391p
_ccm.
942 _hX.247'N2, M7
_cTEXL
_2CC
999 _c777503
_d777503